000 00933cam a22002774a 4500
001 12440488
005 20180918035037.0
008 010613s2001 dcua 001 0 eng
010 _a 2001041368
020 _a1585620556 (alk. paper)
020 _a1585620491 (casebound)
035 _a(DNLM)101120552
040 _aDNLM/DLC
_cDLC
_dDLC
041 _aeng
042 _apcc
060 1 0 _aWM 40
_bF815d 2001
080 _a616.89075 FRA
082 0 0 _a616.89075 FRA
_221
100 1 _a3
101 _aSHM
245 1 0 _aDSM-IV-TR case studies :
_cAllen Frances, Ruth Ross.
906 _a7
_bcbc
_corignew
_d1
_eocip
_f20
_gy-gencatlg
942 _2ddc
_cBK
999 _c47872
_d47872